| Tag |
First Indicator |
Second Indicator |
Subfields |
| LEADER |
00000pam a2200000 a 4500 |
| 001 |
in00000577263 |
| 005 |
20151014060312.0 |
| 008 |
841120s1985 nyua 00110 eng |
| 010 |
|
|
|a 84027517
|
| 020 |
|
|
|a 0394729617 (pbk.) :
|c $14.95
|
| 035 |
|
|
|a (OCoLC)11523502
|
| 035 |
|
|
|9 ACM7209AM
|
| 039 |
0 |
|
|a 2
|b 3
|c 3
|d 3
|e 3
|
| 040 |
|
|
|a DLC
|c DLC
|d TXA
|d UtOrBLW
|
| 049 |
|
|
|a TXAM
|c [A09171130]
|
| 050 |
0 |
0 |
|a HF5548.4.F7
|b K56 1985
|
| 082 |
0 |
|
|a 650/.028/5425
|2 19
|
| 100 |
1 |
|
|a King, Brian L.
|
| 245 |
1 |
0 |
|a FRAMEWORK :
|b the decision maker's guide to business applications /
|c Brian L. King and Sheldon W. Philips.
|
| 264 |
|
1 |
|a New York :
|b Random House,
|c [1985]
|
| 264 |
|
4 |
|c ©1985
|
| 300 |
|
|
|a xiv, 216 pages :
|b illustrations ;
|c 24 cm.
|
| 336 |
|
|
|a text
|b txt
|2 rdacontent
|
| 337 |
|
|
|a unmediated
|b n
|2 rdamedia
|
| 338 |
|
|
|a volume
|b nc
|2 rdacarrier
|
| 500 |
|
|
|a Includes index.
|
| 650 |
|
0 |
|a Framework (Computer program)
|
| 650 |
|
0 |
|a Business
|x Data processing.
|
| 700 |
1 |
|
|a Philips, Sheldon W.
|
| 999 |
|
|
|a MARS
|
| 999 |
f |
f |
|s 2f3dcf7f-2086-3458-bf67-5842c3ce3d92
|i 122828f8-a404-3665-8ec4-30314ad4200d
|t 0
|
| 952 |
f |
f |
|p ric
|a Texas A&M University
|b Rellis Campus
|c Joint Library Facility
|d Remote Storage
|t 0
|e HF5548.4.F7 K56 1985
|h Library of Congress classification
|i unmediated -- volume
|m A14809171130
|
| 998 |
f |
f |
|a HF5548.4.F7 K56 1985
|t 0
|l Remote Storage
|